000 01897ngm a2200241 4500
008 s1998 fr fre u
040 _aLB-BrCRDP
082 1 _aF: DVD
_bOce
100 1 _aMichel, Ocelot
245 1 0 _aKirikou et la sorcière : DVD vidéo
_cMichel Ocelot , Antoinette Kellermann, Fezele Mpeka, Kombisile Sangweni, Theo Sebeko, Mabutho 'Kid' Sithole
260 _aParis
_bFrance Télévisions Distribution
_c1998-1999
300 _aDurée : 70 minutes
_bDVD Zone 2. Pal
490 1 _aCinéma
520 _aDescriptionLe minuscule Kirikou nait dans un village d'Afrique sur lequel une sorciere, Karaba, a jete un terrible sort: la source est assechee, les villageois ranconnes, les hommes sont kidnappes et disparaissent mysterieusement. "Elle les mange", soutiennent les villageois dans leur hantise. Karaba est une femme superbe et cruelle, entouree de fetiches soumis et redoutables. Mais Kirikou, sitot sorti du ventre de sa mere, veut delivrer le village de son emprise malefique et decouvrir le secret de sa mechancete. SynopsisUne petite voix se fait entendre dans le ventre d'une femme enceinte, Mère, enfante-moi ! Un enfant qui parle dans le ventre de sa mère s'enfante tout seul, répond la mère. Ainsi vient au monde le minuscule Kirikou, dans un village d'Afrique sur lequel une sorcière, Karaba, a jeté un terrible sort. Mais Kirikou, sitôt sorti du ventre de sa mère, veut délivrer le village de son emprise maléfique et découvrir le secret de sa méchanceté. Au travers d'aventures fantastiques, Kirikou arrivera jusqu'à la montagne interdite...
650 4 _adessin animé / film d'animation
700 1 _aAntoinette, Kellermann
700 1 _aFezele, Mpeka
700 1 _aKombisile, Sangweni
700 1 _aTheo, Sebeko
830 0 _aCinéma
_pFrance Télévision 2 3
942 _cVM
999 _c9039
_d9039